000 00799cam a2200241 a 4500
001 000018451
005 20200929165817.0
008 750625s1962 ve 000 p spa d
035 _a(DLC) 63040337
035 _a(OCoLC)1411509
040 _aDO-SdBNP
_cNNepaSU
_dFU
_dDLC
_dBNPHU
042 _apremarc
082 _aE861.44
_bC314m
100 1 _aCarrera Andrade, Jorge,
_d1903-1978.
_939934
245 1 0 _aMi vida en poemas :
_bensayo autocritico seguido de una selección poética /
_cJorge Carrera Andrade.
260 _aCaracas :
_bCasa del Escritor,
_c1962.
300 _a142 p. ;
_c19 cm.
500 _aBibliografía: p. 137-142.
650 4 _aPoesía ecuatoriana
_913387
650 4 _aLiteratura ecuatoriana
_ySIGLO XX
_914420
910 _aCatalogación por derivada / LC
049 _aBNGR
999 _c17971
_d17971